000 00351nam a2200133Ia 4500
008 100328s9999 xx 000 0 und d
082 _b19976
100 _aपानवलकर श्री.दा.
245 _aचिनाब
260 _bअ.आ.अंतरकर
630 _aचिनाब
730 _aचिनाब
942 _cBOOK
999 _c514213
_d514210